000 00463nam a2200121Ia 4500
008 220615s9999||||xx |||||||||||||| ||und||
100 _aNiemandt, Cornelius
245 0 _aMissional Leadership
546 _aEnglish[eng]
650 _aMissional ecclesiology||leadership||missional leadership||discernment||church transformation||missiology||missional church
856 _uhttps://library.oapen.org/bitstream/20.500.12657/37687/1/978-1-928523-06-2.pdf
942 _cEB
999 _c11085
_d11085